Di che genere sei? : prevenire il bullismo sessista e omotransfobico /

Saved in:
Bibliographic Details
Main Author: Abrescia, Dario (Author)
Other Authors: Gusmano, Beatrice (Editor), Mangarella, Tiziana (Editor)
Format: Book
Language:Italian
Published: Molfetta : La meridiana, 2014
Series:Partenze
Subjects:
Tags: Add Tag
No Tags, Be the first to tag this record!

MARC

LEADER 00000nam a22000007i 4500
001 IT\ICCU\LO1\1517328
003 ItRI
005 20260115232122.0
008 140415s2014 it |||||| |||||0|||||c
020 |a 9788861533875 
040 |b ita  |c importazione bologna sebina 
041 7 |a ita  |2 ISO-639-2 
130 0 |a Di che genere sei?  |3 IT\ICCU\MOD\1713741 
245 0 0 |a Di che genere sei? :  |b prevenire il bullismo sessista e omotransfobico /  |c a cura di Beatrice Gusmano, Tiziana Mangarella ; con i contributi di Dario Abrescia ... [et al.]. 
260 |a Molfetta :  |b La meridiana,  |c 2014 
300 |a 188 p. ;  |c 25 cm. 
650 7 |a Bullismo  |x Prevenzione 
650 7 |a OMOFOBIA 
650 7 |a Travestitismo 
700 1 |a Abrescia, Dario  |0 IT\ICCU\LO1V\146939  |4 aut 
700 1 |a Gusmano, Beatrice  |0 IT\ICCU\UBOV\218760  |4 edt 
700 1 |a Mangarella, Tiziana  |0 IT\ICCU\LO1V\416338  |4 edt 
830 0 |a Partenze  |0 IT\ICCU\RAV\0195452 
942 |2 ddc  |c BK  |n 0 
952 |0 0  |1 0  |4 0  |6 DOC_371_580000000000000_GUS  |7 0  |9 20377  |a BO  |b BO  |d 2026-01-15  |i 17603  |l 0  |o DOC 371.58 GUS  |p BO17603  |r 2026-01-15 23:21:22  |w 2026-01-15  |x [Sebina 5] [1 v.]  |y BK  |z 1 v. 
999 |c 17386  |d 17386